<?xml version="1.0" encoding="UTF-8"?><?xml-stylesheet type="text/xsl" href="static/style.xsl"?><OAI-PMH xmlns="http://www.openarchives.org/OAI/2.0/" xmlns:xsi="http://www.w3.org/2001/XMLSchema-instance" xsi:schemaLocation="http://www.openarchives.org/OAI/2.0/ http://www.openarchives.org/OAI/2.0/OAI-PMH.xsd"><responseDate>2026-04-13T07:31:58Z</responseDate><request verb="GetRecord" identifier="oai:www.recercat.cat:20.500.14342/3648" metadataPrefix="marc">https://recercat.cat/oai/request</request><GetRecord><record><header><identifier>oai:recercat.cat:20.500.14342/3648</identifier><datestamp>2025-05-25T23:45:01Z</datestamp><setSpec>com_2072_482405</setSpec><setSpec>com_2072_183628</setSpec><setSpec>col_2072_482411</setSpec></header><metadata><record xmlns="http://www.loc.gov/MARC21/slim" xmlns:dcterms="http://purl.org/dc/terms/" xmlns:xsi="http://www.w3.org/2001/XMLSchema-instance" xmlns:doc="http://www.lyncode.com/xoai" xsi:schemaLocation="http://www.loc.gov/MARC21/slim http://www.loc.gov/standards/marcxml/schema/MARC21slim.xsd">
   <leader>00925njm 22002777a 4500</leader>
   <datafield ind2=" " ind1=" " tag="042">
      <subfield code="a">dc</subfield>
   </datafield>
   <datafield ind2=" " ind1=" " tag="720">
      <subfield code="a">Arboix-Alió, Jordi</subfield>
      <subfield code="e">author</subfield>
   </datafield>
   <datafield ind2=" " ind1=" " tag="720">
      <subfield code="a">Moreno-Galcerán, Dani</subfield>
      <subfield code="e">author</subfield>
   </datafield>
   <datafield ind2=" " ind1=" " tag="720">
      <subfield code="a">Trabal Taña, Guillem</subfield>
      <subfield code="e">author</subfield>
   </datafield>
   <datafield ind2=" " ind1=" " tag="260">
      <subfield code="c">2023-10</subfield>
   </datafield>
   <datafield ind2=" " ind1=" " tag="520">
      <subfield code="a">This study aimed to report the shooting velocities and to assess the differences in shot velocity according to the techniques used in elite youth male rink hockey players. Fifteen rink hockey players (age = 18.40 ± 1.44 year; body mass = 73.52 ± 6.02 kg; height = 1.76 ± 0.06 m; BMI = 23.61 ± 2.12; sports experience = 6.44 ± 1.76 years) participated in this cross-sectional study. Shooting velocities were assessed for four techniques: slap shot without approach run, drive shot without approach run, slap shot with approach run, and drive shot with approach run. Shooting velocity measurements were conducted using a radar Stalker ATS systemTM. The results demonstrated that drive shots consistently achieved higher velocities compared to slap shots (F(3,56) = 23.9 p &lt; 0.01, ηp2 = 0.58). Additionally, incorporating an approach run significantly increased shooting velocities for both techniques (p &lt; 0.01). These findings hold significant implications for coaches and players seeking to optimize shooting performance in rink hockey.</subfield>
   </datafield>
   <datafield ind1="8" ind2=" " tag="024">
      <subfield code="a">http://hdl.handle.net/20.500.14342/3648</subfield>
   </datafield>
   <datafield ind1="8" ind2=" " tag="024">
      <subfield code="a">https://doi.org/10.3390/biomechanics3040038</subfield>
   </datafield>
   <datafield tag="653" ind2=" " ind1=" ">
      <subfield code="a">Hoquei sobre patins</subfield>
   </datafield>
   <datafield tag="653" ind2=" " ind1=" ">
      <subfield code="a">Biomecànica</subfield>
   </datafield>
   <datafield ind2="0" ind1="0" tag="245">
      <subfield code="a">Assessing the Shooting Velocity According to the Shooting Technique in Elite Youth Rink Hockey Players</subfield>
   </datafield>
</record></metadata></record></GetRecord></OAI-PMH>